| 000 | 00516nam a2200229Ia 4500 | ||
|---|---|---|---|
| 999 |
_c60328 _d60328 |
||
| 003 | 0100 | ||
| 005 | 20170530092119.0 | ||
| 008 | 130303s9999 xx 000 0 und d | ||
| 020 | _a0140136010 | ||
| 040 | _cARRUPELIB | ||
| 050 | _aDT22.O4 1988 | ||
| 100 |
_aOliver, Roland _922190 |
||
| 245 | 2 | _aA Short history of Africa | |
| 250 | _a6th ed. | ||
| 260 |
_bPenguin Books _aHarmondsworth _c1962 |
||
| 300 | _a311p. | ||
| 300 | _b 23 cm | ||
| 650 |
_bAfrica _xhistory _922067 |
||
| 700 |
_aFage, J.D _930511 |
||
| 942 |
_2lcc _cMONOGRAPH |
||